Nantes en images - Statistiques

Statistiques générales
  • Ce quiz a été pris 378 fois
    165 depuis la dernière actualisation
  • Le résultat moyen est 13 sur 18
Statistiques - réponses
Par images Hint Réponse % Correct
Affaire Affaire Xavier Dupont de Ligonnès
94%
Stade Stade de la Beaujoire
93%
Tour Tour Lu
90%
Réseau de transport en commun Naolib (anciennement TAN)
88%
Rivière Erdre
86%
Château Château des ducs de Bretagne
84%
Écrivain Jules Verne
84%
Place Place royal
84%
Attraction Les Machines de l'Île
73%
Lieu dans lequel ont lieu les congrès Cité des congrès
71%
Maire Johanna Rolland
71%
Acte législatif promulgué par Henri IV L'édit de Nantes
71%
Centre commercial Passage Pommeraye
71%
Fromage Curé Nantais
66%
Club de handball HBC Nantes
48%
Vin Muscadet
47%
Artiste Christine and the Queens
44%
Navire Belem
37%
Aucun quiz correspondant
Distribution des résultats
% des personnes avec chaque résultat
Percentile par nombre de réponses
Votre historique - résultats
Vous n’avez pas pris ce quiz depuis la dernière actualisation